KOHA-Header-6

Handbook of research methods in personality psychology / (Record no. 12590)

000 -LEADER
fixed length control field 01364cam a2200337 a 4500
001 - CONTROL NUMBER
control field 14606993
003 - CONTROL NUMBER IDENTIFIER
control field MAJU-Karachi
005 - DATE AND TIME OF LATEST TRANSACTION
control field 20201003132417.0
008 - FIXED-LENGTH DATA ELEMENTS--GENERAL INFORMATION
fixed length control field 061024s2007 nyua b 001 0 eng
010 ## - LIBRARY OF CONGRESS CONTROL NUMBER
LC control number 2006035429
020 ## - INTERNATIONAL STANDARD BOOK NUMBER
International Standard Book Number 1593851111 (hardcover)
020 ## - INTERNATIONAL STANDARD BOOK NUMBER
International Standard Book Number 9781593851118 (hardcover)
035 ## - SYSTEM CONTROL NUMBER
System control number (OCoLC)ocm74460081
035 ## - SYSTEM CONTROL NUMBER
System control number (OCoLC)74460081
040 ## - CATALOGING SOURCE
Original cataloging agency DLC
Transcribing agency DLC
Modifying agency DLC
050 00 - LIBRARY OF CONGRESS CALL NUMBER
Classification number BF698.4
Item number .H28 2007
082 00 - DEWEY DECIMAL CLASSIFICATION NUMBER
Classification number 155.2072
Edition number 22
245 00 - TITLE STATEMENT
Title Handbook of research methods in personality psychology /
Statement of responsibility, etc edited by Richard W. Robins, R. Chris Fraley, Robert F. Krueger.
260 ## - PUBLICATION, DISTRIBUTION, ETC. (IMPRINT)
Place of publication, distribution, etc New York :
Name of publisher, distributor, etc Guilford Press,
Date of publication, distribution, etc c2007.
300 ## - PHYSICAL DESCRIPTION
Extent xiii, 719 p. :
Other physical details ill. ;
Dimensions 26 cm.
504 ## - BIBLIOGRAPHY, ETC. NOTE
Bibliography, etc Includes bibliographical references and indexes.
650 #0 - SUBJECT ADDED ENTRY--TOPICAL TERM
Topical term or geographic name as entry element Personality
General subdivision Research
-- Methodology.
700 1# - ADDED ENTRY--PERSONAL NAME
Personal name Robins, Richard W.
700 1# - ADDED ENTRY--PERSONAL NAME
Personal name Fraley, R. Chris.
700 1# - ADDED ENTRY--PERSONAL NAME
Personal name Krueger, Robert F.
856 42 - ELECTRONIC LOCATION AND ACCESS
Materials specified Contributor biographical information
Uniform Resource Identifier <a href="http://www.loc.gov/catdir/enhancements/fy0711/2006035429-b.html">http://www.loc.gov/catdir/enhancements/fy0711/2006035429-b.html</a>
856 41 - ELECTRONIC LOCATION AND ACCESS
Materials specified Table of contents only
Uniform Resource Identifier <a href="http://www.loc.gov/catdir/enhancements/fy0743/2006035429-t.html">http://www.loc.gov/catdir/enhancements/fy0743/2006035429-t.html</a>
906 ## - LOCAL DATA ELEMENT F, LDF (RLIN)
a 7
b cbc
c orignew
d 1
e ecip
f 20
g y-gencatlg
942 ## - ADDED ENTRY ELEMENTS (KOHA)
Source of classification or shelving scheme
Koha item type Psychology
Holdings
Withdrawn status Lost status Source of classification or shelving scheme Damaged status Not for loan Collection code Permanent Location Current Location Shelving location Date acquired Full call number Barcode Date last seen Price effective from Koha item type
&nbsp; &nbsp; &nbsp; &nbsp; &nbsp; Psychology MAJU MAJU Shelf No.B35 2020-10-03 155.2072 9763 2020-10-03 2020-10-03 Psychology

Powered by Koha